[Event "TCh-HUN 2008-9"]
[Site "Decs HUN"]
[Date "2008.11.30"]
[Round "3"]
[White "Papp,T1"]
[Black "Gara,A"]
[Result "0-1"]
[WhiteElo "2315"]
[BlackElo "2312"]

1.e4 d6 2.d4 Nf6 3.Nc3 e5 4.Nf3 Nbd7 5.Bc4 Be7 6.O-O O-O 7.a4 c6 8.Re1 h6
9.h3 Re8 10.Ba2 Qc7 11.Qd3 Nf8 12.Be3 Ng6 13.Rad1 a6 14.Qc4 Bd8 15.dxe5 dxe5
16.b4 Be6 17.Qd3 Bxa2 18.Nxa2 Be7 19.Nd2 c5 20.c3 Red8 21.Qb1 c4 22.a5 Qc6
23.Nc1 Rd7 24.Qc2 Nf4 25.Bxf4 exf4 26.Ne2 Re8 27.Nd4 Rxd4 28.cxd4 Bxb4 29.e5 c3
30.Nb3 Nd5 31.Re2 f3 32.gxf3 Nf4 33.d5 Nxe2+ 34.Qxe2 Qg6+ 35.Kh2 Rxe5 36.Qc4 Bd6
37.Kh1 Qf5 38.Qg4 Qc2 39.Rg1 Rg5 40.Qc8+ Kh7 41.Rxg5 hxg5 42.Kg2 Qxb3 43.Qf5+ Kg8
44.Qc8+ Bf8 45.d6 c2 46.d7 Qd3 47.d8=Q Qxd8 48.Qxd8 c1=Q 49.Qb6 Qd2 50.Kg1 Qd5  0-1

[Event "Open"]
[Site "Figueira da Foz POR"]
[Date "2008.12.01"]
[Round "3"]
[White "Perez,Rol"]
[Black "Ribeiro,Fe"]
[Result "1-0"]
[WhiteElo "2322"]
[BlackElo "2266"]

1.e4 d6 2.d4 Nf6 3.Nc3 c6 4.Nf3 Bg4 5.h3 Bh5 6.Qe2 e6 7.g4 Bg6 8.Bg2 d5 9.exd5 Nxd5
10.Ne5 Bb4 11.Bd2 Qe7 12.Nxd5 Bxd2+ 13.Qxd2 cxd5 14.O-O-O Nc6 15.Nxg6 hxg6
16.Bxd5 Rd8 17.Bxc6+ bxc6 18.f4 O-O 19.Qe3 Rd5 20.Rd3 Rb8 21.Rhd1 Qf6 22.c3 g5
23.fxg5 Rxg5 24.Qg3 Rgb5 25.R3d2 Qg5 26.Kb1 Qd5 27.Qd3 Ra5 28.c4 Qd6 29.Rc1 Ra4
30.Rc3 Rab4 31.Qe3 Qc7 32.g5 g6 33.h4 Qb7 34.Qf2 a5 35.Qh2 a4 36.Rdc2 c5
37.a3 Rb3 38.dxc5 Rd8 39.Ka2 Rd1 40.c6 Qxc6 41.Rxb3 axb3+ 42.Kxb3 Rh1 43.Qb8+ Kh7
44.Qf4 Qb7+ 45.Ka2 Qe7 46.c5 e5 47.Qf6 Qc7 48.Rf2 Rh3 49.Rc2  1-0

[Event "ch-Nassau"]
[Site "Mineola USA"]
[Date "2008.12.01"]
[Round "7"]
[White "Kreitner,I"]
[Black "Luchan,J"]
[Result "0-1"]
[WhiteElo "2053"]
[BlackElo "2123"]

1.e4 d6 2.d4 Nf6 3.Nc3 e5 4.Nf3 Nbd7 5.Bc4 Be7 6.h3 O-O 7.Be3 c6 8.Bb3 b6
9.a4 a6 10.O-O Bb7 11.Qd2 Qc7 12.g4 b5 13.axb5 axb5 14.Rxa8 Bxa8 15.g5 b4
16.gxf6 bxc3 17.Qd3 Bxf6 18.bxc3 Bb7 19.Ra1 Ra8 20.Rxa8+ Bxa8 21.Nh2 Nf8
22.Ng4 Bd8 23.f4 exf4 24.Bxf4 Ne6 25.Bh2 Qe7 26.Qg3 Bc7 27.Nh6+ Kf8 28.Nf5 d5
29.e5 Qg5 30.Qxg5 Nxg5 31.Kg2 Ne4 32.c4 Bb7 33.cxd5 cxd5 34.Ne3 Nc3 35.Bg1 Bb6
36.Nf5 Bc6 37.Kf3 Bd7 38.Nd6 Bxh3 39.Kg3 Be6 40.Kf3 f6 41.exf6 gxf6 42.Nb7 Ke7
43.Nc5 Bf7 44.Na4 Bh5+ 45.Kg2 Nxa4 46.Bxa4 Ke6 47.Bb3 Be2 48.Bf2 Ba5 49.Be3 Be1
50.Ba4 Kf5 51.Bg1 Ke4 52.Bd7 Bc3 53.Be6 Bxd4 54.Bf5+ Ke5 55.Bxh7 Bxg1 56.Kxg1 Kd4
57.Kf2 Bh5 58.Bg8 Bg6 59.c3+ Ke4 60.c4 d4 61.c5 Be8 62.Bc4 d3 63.Ba6 Bc6
64.Bc4 Kd4 65.Ba6 Be4 66.Bc8 f5 67.c6 d2 68.Ke2 Kc3 69.c7 Kc2  0-1

[Event "Mediterranean Open"]
[Site "Rijeka CRO"]
[Date "2008.12.02"]
[Round "5"]
[White "Nevednichy,V"]
[Black "Predojevic,B"]
[Result "1/2-1/2"]
[WhiteElo "2583"]
[BlackElo "2615"]

1.e4 d6 2.d4 Nf6 3.Nc3 e5 4.Nf3 Nbd7 5.Bc4 Be7 6.O-O O-O 7.Re1 c6 8.a4 a5
9.h3 exd4 10.Qxd4 Nc5 11.b3 Be6 12.Ba3 Nfd7 13.Rad1 Qc7 14.Bf1 Rfe8 15.Qe3 Rad8
16.Nd4 b6 17.Bb2 Bf8 18.Qg3 Nf6 19.Re3 Bc8 20.Rde1 g6 21.Qh4 Bg7 22.Nf3 h6
23.Nb5 cxb5 24.Bxf6 Bxf6 25.Qxf6 bxa4 26.Bc4 Be6 27.Bb5 Bd7 28.Bc4 Be6 29.Bb5 Bd7  1/2-1/2

[Event "Mediterranean Open"]
[Site "Rijeka CRO"]
[Date "2008.12.04"]
[Round "7"]
[White "Segovic,G"]
[Black "Rukavina,J"]
[Result "0-1"]
[WhiteElo "2177"]
[BlackElo "2429"]

1.e4 d6 2.d4 Nf6 3.Nc3 e5 4.Nf3 Nbd7 5.Bc4 Be7 6.O-O O-O 7.Qe2 c6 8.a4 a5
9.Rd1 Qc7 10.Bg5 exd4 11.Nxd4 Nc5 12.h3 Be6 13.Nxe6 fxe6 14.e5 dxe5 15.Re1 Bd6
16.Rad1 Rae8 17.b3 Nd5 18.Bd2 Qf7 19.Bd3 Nxd3 20.cxd3 Rd8 21.Ne4 Bc7 22.Bg5 Nf4
23.Bxf4 Qxf4 24.Qc2 Bb6 25.Re2 Rd5 26.Qc4 h6 27.Qc2 Qf7 28.Qc4 Bd4 29.Qc2 Qd7
30.Kh1 Qc7 31.Rc1 Qb6 32.Rd1 Kh7 33.Rc1 Qb4 34.Rf1 Kg8 35.Rc1 Rc8 36.Rf1 Rcd8
37.Rd1 Ra8 38.Rf1 Ra6 39.f4 Ra8 40.fxe5 Rxe5 41.Ree1 Rf5 42.g4 Rxf1+ 43.Rxf1 Rf8
44.Rxf8+ Kxf8 45.g5 Qe1+ 46.Kg2 Qg1+ 47.Kf3 Qf1+ 48.Kg4 h5+ 49.Kh4 g6 50.Qh2 e5
51.b4 axb4 52.Qd2 Qf4+  0-1

[Event "Open"]
[Site "Figueira da Foz POR"]
[Date "2008.12.05"]
[Round "7"]
[White "Petkov,V"]
[Black "Ribeiro,Fe"]
[Result "1-0"]
[WhiteElo "2484"]
[BlackElo "2266"]

1.d4 d6 2.e4 Nf6 3.Nc3 c6 4.f4 Qa5 5.Bd3 e5 6.Nf3 Bg4 7.Be3 exf4 8.Bxf4 Qb6
9.Qd2 Bxf3 10.gxf3 Qxd4 11.O-O-O Nbd7 12.Kb1 Qb4 13.Rhg1 O-O-O 14.Bf1 Nh5
15.a3 Qb6 16.Be3 Qc7 17.Bxa7 Be7 18.Qe3 g5 19.Bh3 Rde8 20.Bb6 Qb8 21.Nb5  1-0

[Event "Mediterranean Open"]
[Site "Rijeka CRO"]
[Date "2008.12.05"]
[Round "8"]
[White "Berke,A"]
[Black "Menkinoski,R"]
[Result "0-1"]
[WhiteElo "2080"]
[BlackElo "2324"]

1.e4 d6 2.d4 Nf6 3.Nc3 e5 4.Nf3 Nbd7 5.g4 g6 6.g5 Nh5 7.Bc4 Bg7 8.dxe5 Nxe5
9.Nxe5 Bxe5 10.f4 Nxf4 11.Bxf4 Bxf4 12.Bxf7+ Kxf7 13.Rf1 Qxg5 14.Nd5 Qh4+
15.Rf2 g5 16.Qd4 Re8 17.Nxc7 Be6 18.Nxa8 Rxa8 19.Qxd6 Qxf2+  0-1

[Event "Open"]
[Site "Figueira da Foz POR"]
[Date "2008.12.06"]
[Round "8"]
[White "Petkov,V"]
[Black "Paunovic,D"]
[Result "0-1"]
[WhiteElo "2484"]
[BlackElo "2532"]

1.d4 d6 2.e4 Nf6 3.Nc3 e5 4.Nf3 Nbd7 5.Bc4 Be7 6.O-O Nb6 7.Bb3 exd4 8.Qxd4 O-O
9.h3 a5 10.a4 Nfd7 11.Rd1 Nc5 12.Ba2 Bd7 13.e5 Ncxa4 14.exd6 cxd6 15.Be3 Nxc3
16.Qxc3 Na4 17.Qa3 b5 18.Bd4 Bc6 19.Qe3 Bf6 20.Nh2 Nxb2 21.Bxb2 Bxb2 22.Rab1 Bf6
23.Ng4 h5 24.Nh2 Qe7 25.Qd3 b4 26.Re1 Qb7 27.Nf3 Rad8 28.c3 Rfe8 29.Rxe8+ Rxe8
30.Qxd6 Bxf3 31.gxf3 Qxf3 32.Bd5 Qxh3 33.Qc7 Qg4+  0-1

[Event "TCh-BEL 2008-9"]
[Site "Belgium BEL"]
[Date "2008.12.07"]
[Round "5"]
[White "Akhayan,R"]
[Black "Verduyn,F"]
[Result "1/2-1/2"]
[WhiteElo "2262"]
[BlackElo "2199"]

1.e4 d6 2.d4 Nf6 3.Nc3 c6 4.f4 Qa5 5.Bd2 e5 6.Nf3 exd4 7.Nxd4 Qb6 8.Nb3 a5
9.Qf3 a4 10.Nc1 d5 11.exd5 Bc5 12.h3 O-O 13.Nd3 Re8+ 14.Be2 Bd4 15.O-O-O cxd5
16.Rhe1 Bf5 17.Bf1 Be4 18.Nxd5 Qe6 19.Nxf6+ Bxf6 20.Rxe4 Qxe4 21.Re1 Qc6
22.Rxe8+ Qxe8 23.Qxb7 Nd7 24.Qb5 a3 25.b3 Rb8 26.Qd5 Nf8 27.Ne5 Rd8 28.Qb5 Qe7
29.Bc4 Bxe5 30.Qxe5 Qa7 31.Qe3 Qd7 32.Bd3 Re8 33.Qc5 Ne6 34.Qb5 Qc8 35.Qc4 Nc5
36.Bf1 Rd8 37.b4 Qd7 38.Bd3 Nxd3+ 39.Qxd3 Qxd3 40.cxd3 Rxd3 41.Kc2 Rd8  1/2-1/2

[Event "4NCL 2008-9"]
[Site "Hinckley Island ENG"]
[Date "2008.12.07"]
[Round "4"]
[White "Smith,O"]
[Black "Lauterbach,I"]
[Result "1/2-1/2"]
[WhiteElo "1961"]
[BlackElo "2178"]

1.e4 d6 2.d4 Nf6 3.Nc3 Nbd7 4.Nf3 e5 5.Bd3 Be7 6.h3 c6 7.Ne2 exd4 8.Nfxd4 Nc5
9.Ng3 O-O 10.O-O Re8 11.b4 Nxd3 12.Qxd3 Bf8 13.Bf4 d5 14.e5 Nd7 15.Nf3 Bxb4
16.c3 Bc5 17.Rae1 Nf8 18.Nh5 Be6 19.Ng5 Ng6 20.Bc1 Qd7 21.Kh2 Bf5 22.Qg3 Bf8
23.f4 h6 24.Nf3 Kh7 25.Qf2 Bd3 26.Rg1 Qe7 27.Ng3 Nh4 28.Nxh4 Qxh4 29.f5 b6
30.Qf3 Bc4 31.Bf4 Bc5 32.Rh1 d4 33.cxd4 Bxd4 34.e6 Bd5 35.Qf1 c5 36.Ne2 Bc4
37.Qf3 Rad8 38.Bg3 Qf6 39.Nxd4 Qxd4 40.e7 Rc8 41.Be5 Qd2 42.Qg4 f6 43.Bxf6 gxf6
44.Qg6+ Kh8 45.Qxf6+ Kh7 46.Qg6+ Kh8 47.Qf6+  1/2-1/2

[Event "4NCL 2008-9"]
[Site "Hinckley Island ENG"]
[Date "2008.12.07"]
[Round "4"]
[White "Mitchem,N"]
[Black "Berry,N"]
[Result "0-1"]
[WhiteElo "1971"]
[BlackElo "2323"]

1.e4 d6 2.d4 Nf6 3.Nc3 e5 4.dxe5 dxe5 5.Qxd8+ Kxd8 6.Bg5 Be6 7.O-O-O+ Nd7
8.f4 exf4 9.Nge2 Be7 10.Nxf4 Ng4 11.Nxe6+ fxe6 12.Bxe7+ Kxe7 13.Rd2 Rhf8
14.Nd1 Nc5 15.Bd3 Rad8 16.b4 Nd7 17.h3 Nge5 18.Kb2 c5 19.bxc5 Nxc5 20.Kc3 Rd6
21.Nb2 Rc8 22.Kb4 Nxe4  0-1

[Event "III Open"]
[Site "Palma de Mallorca ESP"]
[Date "2008.12.07"]
[Round "2"]
[White "Dimitrijeski,B"]
[Black "Sirletti,S"]
[Result "1-0"]
[WhiteElo "2217"]
[BlackElo "1965"]

1.d4 d6 2.e4 Nf6 3.Nc3 e5 4.Nf3 Nbd7 5.g4 h6 6.g5 hxg5 7.Nxg5 c6 8.Bc4 d5
9.exd5 exd4 10.d6 Ne5 11.Qe2 Bxd6 12.Nxf7 Qe7 13.Nxd6+ Qxd6 14.f4 Nd7 15.fxe5 Qe7
16.Ne4 Nxe5 17.Bg5 Qb4+ 18.c3 dxc3 19.bxc3 Qa5 20.Rd1 Bg4 21.Nd6+ Kd7 22.Nb5+ Ke8
23.Qxe5+  1-0

[Event "TCh-SLO"]
[Site "Murska Sobota SLO"]
[Date "2008.12.09"]
[Round "4"]
[White "Novak,G"]
[Black "Srebrnic,A"]
[Result "0-1"]
[WhiteElo "2235"]
[BlackElo "2290"]

1.e4 d6 2.d4 Nf6 3.Nc3 e5 4.dxe5 dxe5 5.Qxd8+ Kxd8 6.Nf3 Bd6 7.Bc4 Be6 8.Bxe6 fxe6
9.h3 a6 10.Bg5 b5 11.O-O-O Nd7 12.Ne2 h6 13.Bxf6+ gxf6 14.g4 Ke7 15.Nh4 Rhg8
16.Rhf1 Nc5 17.Ng3 Rad8 18.Ng2 Na4 19.Rde1 c5 20.b3 Nb6 21.Ne3 c4 22.Rd1 a5
23.bxc4 Ba3+ 24.Kb1 Nxc4 25.Nxc4 bxc4 26.Ka1 c3 27.Ne2 Rb8 28.Nc1 Bb2+ 29.Kb1 Bxc1+
30.Kxc1 Rb2 31.Rd3 Rxa2 32.Kd1  0-1

[Event "TCh-SLO"]
[Site "Murska Sobota SLO"]
[Date "2008.12.11"]
[Round "6"]
[White "Kos,T"]
[Black "Supancic,D"]
[Result "1/2-1/2"]
[WhiteElo "2328"]
[BlackElo "2376"]

1.e4 d6 2.d4 Nf6 3.Nc3 e5 4.dxe5 dxe5 5.Qxd8+ Kxd8 6.Bc4 Ke8 7.Nf3 Bd6 8.Bg5 Nbd7
9.O-O-O a6 10.Nh4 h6 11.Be3 g6 12.f3 Kf8 13.g3 Kg7 14.Ng2 Re8 15.g4 Nf8 16.Nd5 Nxd5
17.Bxd5 Nd7 18.Rd3  1/2-1/2

[Event "III Open"]
[Site "Palma de Mallorca ESP"]
[Date "2008.12.11"]
[Round "6"]
[White "Henrichs,W"]
[Black "Sirletti,S"]
[Result "1-0"]
[WhiteElo "2064"]
[BlackElo "1965"]

1.d4 d6 2.e4 Nf6 3.Nc3 Nbd7 4.f4 e5 5.Nf3 exd4 6.Nxd4 Nc5 7.Bd3 c6 8.Qe2 Be7
9.Be3 Ng4 10.Bg1 O-O 11.O-O-O Qc7 12.h3 Nf6 13.g4 b5 14.g5 Nfd7 15.Nf5 Nxd3+
16.Qxd3 Nb6 17.Nxe7+ Qxe7 18.Qxd6 Qxd6 19.Rxd6 b4 20.Nd1 Bb7 21.Rh2 Rfe8
22.e5 Nd5 23.Be3 a5 24.c3 bxc3 25.bxc3 Rad8 26.Rxd8 Rxd8 27.Rd2 Re8 28.c4 Nxe3
29.Nxe3 f6 30.gxf6 gxf6 31.Ng4 Re7 32.Nxf6+ Kf7 33.Rd6 Kg7 34.Kd2 c5 35.Ke3 Bg2
36.h4 Rb7 37.Rd7+ Kg6 38.h5+ Kf5 39.Rxb7 Bxb7 40.Nxh7 Ba6 41.Nf6 Bxc4 42.a3 Be6
43.Ne4 c4 44.Nd6+ Kg4 45.h6 Bg8 46.e6  1-0

[Event "Bundesliga 2008-9"]
[Site "Eppingen GER"]
[Date "2008.12.13"]
[Round "8"]
[White "Guliyev,N"]
[Black "Schmidt Schaeffer,S"]
[Result "1-0"]
[WhiteElo "2521"]
[BlackElo "2383"]

1.e4 d6 2.d4 Nf6 3.Nc3 Nbd7 4.Nf3 e5 5.Bc4 Be7 6.O-O O-O 7.Re1 c6 8.a4 h6
9.a5 Rb8 10.d5 cxd5 11.exd5 a6 12.Bf1 Nh7 13.Nd2 f5 14.Nc4 f4 15.b3 Ng5 16.Ba3 Qc7
17.h4 Nf7 18.Ne4 Nf6 19.Nxf6+ Bxf6 20.Qh5 Bd7 21.Bd3 Rfd8 22.Bg6 Be8 23.Rad1 Be7
24.Qg4 Bf8 25.Bf5 Qe7 26.g3 fxg3 27.fxg3 Nh8 28.Rxe5 Qf6 29.Re6 h5 30.Qe4 Qf7
31.Bh7+  1-0

[Event "III Open"]
[Site "Palma de Mallorca ESP"]
[Date "2008.12.13"]
[Round "8"]
[White "Ballester Cladera,A"]
[Black "Castell Cantero,S"]
[Result "1/2-1/2"]
[WhiteElo "1844"]
[BlackElo "2025"]

1.e4 d6 2.d4 Nf6 3.Nc3 c6 4.f4 g6 5.Nf3 Qb6 6.Be2 Nbd7 7.Ng5 h6 8.Nh3 e5
9.fxe5 dxe5 10.dxe5 Nxe5 11.Nf2 Be6 12.O-O Bg7 13.Kh1 Rd8 14.Qe1 O-O 15.Bf4 Nc4
16.Na4 Qa5 17.Qxa5 Nxa5 18.Nc5 b6 19.Nxe6 fxe6 20.Rad1 Nb7 21.Rxd8 Rxd8 22.Rd1 Rxd1+
23.Bxd1 Nc5 24.c3 Nfxe4 25.Nxe4 Nxe4 26.Bf3 Nf2+ 27.Kg1 Nd3 28.Bb8 Nxb2 29.Bxa7 Bxc3
30.Bxb6 Nc4 31.Bc5 Ne5 32.Be2 Kf7 33.Kf2 Nd7 34.Be3 h5 35.g4 hxg4 36.Bxg4 Kf6
37.Bf3 Ne5 38.Be2 Bb4 39.h3 c5 40.a4 c4 41.Bd4 c3 42.Bd3 Bd6 43.Bxc3 Kf7
44.Bd2 Bc5+ 45.Kg3 Nc6 46.a5 Na7 47.a6 Nc8 48.Be4 Ba7 49.Kf3 Ne7 50.Kg4 Nd5
51.Kf3 Nf6 52.Bb4 g5  1/2-1/2

[Event "GiTelecom Finals"]
[Site "ICC INT"]
[Date "2008.12.14"]
[Round "1.5"]
[White "Vovk,Y"]
[Black "Altounian,L"]
[Result "0-1"]
[WhiteElo "2549"]
[BlackElo "2454"]

1.d4 d6 2.e4 Nf6 3.Nc3 e5 4.Nf3 Nbd7 5.Bc4 Be7 6.O-O O-O 7.Re1 c6 8.a4 b6
9.h3 a6 10.b3 Bb7 11.Bf1 b5 12.axb5 axb5 13.Bb2 Re8 14.d5 b4 15.dxc6 Bxc6
16.Nd5 Bxd5 17.exd5 Rxa1 18.Bxa1 Qa8 19.Bb5 Rc8 20.Bc6 Qa5 21.Nd4 Nb8 22.Nf5 Bf8
23.Qf3 Nxc6 24.dxc6 Qd5 25.Qxd5 Nxd5 26.Rd1 Nb6 27.Nxd6 Rxc6 28.Bxe5 Rxc2
29.Nf5 g6 30.Ne3 Rc5 31.f4 h5 32.Rd8 Rc8 33.Rxc8 Nxc8 34.Nd5 f5 35.Kf1 Kf7
36.Ke2 Ke6 37.Nc7+ Kd7 38.Kd3 Nd6 39.Nd5 Ne4 40.Kc4 Nd2+ 41.Kb5 Nxb3 42.Nxb4 Nd2
43.Nd5 Ke6 44.Nc7+ Kd7 45.Nd5 Nf1 46.Nb6+ Ke6 47.Nc4 Be7 48.Bd4 Ng3 49.Bf2 Ne2
50.Be3 Nc3+ 51.Kc6 Nd5 52.Bd2 Bf6 53.Nd6 Ne7+ 54.Kc5 Nd5 55.Nb5 Be7+ 56.Kc4 Nf6
57.Nd4+ Kf7 58.Nf3 Ne4 59.Ne5+ Kg7 60.Kd5 Bf6 61.Be3 Nc3+ 62.Ke6 Ne4 63.Bb6 h4
64.Nd7 Bc3 65.Bc7 Nf6 66.Be5 Bxe5 67.fxe5 Nh5 68.Kd6 Nf4 69.e6 Nxe6 70.Kxe6 Kh6
71.Ne5 Kg5 72.Nf7+ Kf4 73.Kf6 Kg3 74.Kxg6 Kxg2 75.Kxf5 Kxh3 76.Ng5+ Kg3 77.Ne4+ Kf3
78.Ng5+ Kg3 79.Kg6 Kg4 80.Kf6 Kf4 81.Kg6 Kg4 82.Kf6 Kf4 83.Nh3+ Kg3 84.Ng5 Kg4
85.Ne4 Kf4 86.Nf2 Kg3 87.Nh3 Kxh3 88.Kg5 Kg3 89.Kf5 h3 90.Ke5 h2 91.Kd4 h1=Q  0-1

[Event "15th Croatian Open A"]
[Site "Zadar CRO"]
[Date "2008.12.16"]
[Round "4"]
[White "Fercec,N"]
[Black "Jakic,I"]
[Result "1-0"]
[WhiteElo "2481"]
[BlackElo "2377"]

1.e4 d6 2.d4 Nf6 3.Nc3 e5 4.Nge2 exd4 5.Nxd4 Be7 6.Bf4 a6 7.Be2 O-O 8.O-O Re8
9.Bf3 Bf8 10.g4 g6 11.g5 Nfd7 12.Bg2 Bg7 13.Qd2 Ne5 14.Rad1 Nbc6 15.Nde2 Bh3
16.Bg3 Bxg2 17.Kxg2 Nc4 18.Qc1 b5 19.f3 Nxb2 20.Qxb2 b4 21.Qb3 bxc3 22.Qa4 Qd7
23.Nf4 Ne5 24.Qxd7 Nxd7 25.Nd5 Ra7 26.Rb1 Nc5 27.Bf2 c6 28.Nf6+ Bxf6 29.gxf6 Rd7
30.Rb6 Ne6 31.Rxc6 Nf4+ 32.Kh1 d5 33.Rd1 h5 34.Rxc3 Re6 35.Be3 Rxf6 36.Rc8+ Kg7
37.Bd4 Ne6 38.Be5 d4 39.f4 Rb7 40.f5 Ng5 41.Rc6 Nxe4 42.Re1 Nf2+ 43.Kg2 Ng4
44.Bxd4 Rd7 45.Bc3 Rd2+ 46.Kg1 gxf5 47.h3 Nh2 48.Bxf6+ Kh7 49.Rc3 f4 50.Bg5  1-0

[Event "15th Croatian Open A"]
[Site "Zadar CRO"]
[Date "2008.12.17"]
[Round "5"]
[White "Stanojoski,Z"]
[Black "Jovanovic,Zo CRO"]
[Result "1/2-1/2"]
[WhiteElo "2502"]
[BlackElo "2564"]

1.e4 d6 2.d4 Nf6 3.Nc3 e5 4.Nf3 exd4 5.Nxd4 Be7 6.g3 d5 7.e5 Ng4 8.e6 Nf6
9.exf7+ Kxf7 10.Bg2 c6 11.O-O Re8 12.Bf4 Na6 13.Qd2 Nc5 14.Rfe1 Ne6 15.Be5 Bd6
16.Bxd6 Qxd6 17.Nf5 Qd8 18.Re2 Nc7 19.Rxe8 Ncxe8 20.Nd4 Nd6 21.Qf4 Kf8 22.Re1 Nf7
23.Ne6+ Bxe6 24.Rxe6 Qb8 25.Qb4+ Kg8 26.Re7 b6 27.Bh3 Ng5 28.Bg2 Nf7 29.Qa4 b5
30.Qa6 Qb6 31.Qb7 Qxb7 32.Rxb7 Nd8 33.Rc7 Kf8 34.Ne2 Ne8 35.Rd7  1/2-1/2

[Event "15th Croatian Open A"]
[Site "Zadar CRO"]
[Date "2008.12.17"]
[Round "6"]
[White "Armanda,I"]
[Black "Jakic,I"]
[Result "1/2-1/2"]
[WhiteElo "2323"]
[BlackElo "2377"]

1.e4 d6 2.d4 Nf6 3.Nc3 e5 4.Nf3 Nbd7 5.Bc4 Be7 6.O-O O-O 7.a4 c6 8.Ba2 b6
9.Re1 Bb7 10.h3 a6  1/2-1/2

[Event "FSGM December"]
[Site "Budapest HUN"]
[Date "2008.12.18"]
[Round "13"]
[White "Rohit,G"]
[Black "Gara,A"]
[Result "1/2-1/2"]
[WhiteElo "2457"]
[BlackElo "2312"]

1.e4 d6 2.d4 Nf6 3.Nc3 e5 4.Nge2 Be7 5.g3 O-O 6.Bg2 c6 7.O-O a5 8.a4 Na6
9.h3 h6 10.Kh2 Qc7 11.Be3 Be6 12.f4 Rad8 13.b3 Bd7 14.Qd2 b5 15.axb5 cxb5
16.Nd5 Nxd5 17.exd5 a4 18.fxe5 dxe5 19.dxe5 Qxe5 20.Bf4 Bg5 21.Nd4 Bxf4 22.Rxf4 Rc8
23.Raf1 Qd6 24.Qf2 f6 25.bxa4 bxa4 26.Nc6 Bxc6 27.dxc6 Nb4 28.Rc4 Rfd8 29.Qb6 Nd5
30.Qd4 Ne7 31.Qc3 Kh8 32.Ra1 Nd5 33.Qd4 a3 34.Rd1 Ne3 35.Qxd6 Rxd6 36.Rxd6 Nxc4
37.Rd1 Ne3 38.Ra1 Nxg2 39.Kxg2 Rxc6 40.Rxa3 Rxc2+ 41.Kf3 Kh7 42.h4 h5 43.Ra5 Kh6
44.Ra6 Rc4 45.Rb6 Kg6 46.Ra6 Rc7 47.Ra5 Re7 48.Rc5 Re6 49.Ra5 Kh6 50.Rb5 g5
51.hxg5+ fxg5 52.Ra5 Rf6+ 53.Kg2 Kg6 54.Rb5 g4 55.Ra5 Rf5 56.Ra6+ Kg5 57.Ra8 Rd5
58.Ra6 Kf5 59.Ra4 Rd2+ 60.Kg1 Re2 61.Ra5+ Ke4 62.Rxh5 Kf3 63.Rf5+ Kxg3 64.Rf1 Rg2+
65.Kh1 Rf2 66.Ra1 Kh3 67.Kg1 Rd2 68.Ra3+ g3 69.Ra1 Kg4 70.Ra3  1/2-1/2

[Event "4 Nations"]
[Site "Donostia ESP"]
[Date "2008.12.19"]
[Round "1"]
[White "Philippe,C"]
[Black "Del Rey,D"]
[Result "0-1"]
[WhiteElo "2458"]
[BlackElo "2383"]

1.e4 d6 2.d4 Nf6 3.Nc3 e5 4.Nf3 Nbd7 5.Bc4 Be7 6.O-O O-O 7.Re1 Nb6 8.Bb3 Bg4
9.dxe5 Bxf3 10.Qxf3 dxe5 11.a4 a5 12.Be3 Nfd7 13.Red1 Bd6 14.Ne2 Qh4 15.Ng3 g6
16.Rd2 Nc5 17.Bxc5 Bxc5 18.Rad1 Kh8 19.h3 Rae8 20.Qg4 Qf6 21.Nf1 Qe7 22.Ng3 Rd8
23.Qf3 Rd6 24.Rxd6 cxd6 25.Nf1 f5 26.Ne3 fxe4 27.Qxe4 Rf4 28.Qd3 Qf8 29.Qe2 Nxa4
30.Ra1 b5 31.c4 Nb6 32.Rxa5 bxc4 33.Bc2 Bd4 34.b3 c3 35.Ng4 Qd8 36.Ra6 Rf8
37.Qb5 Qg5 38.Qe2 Qc1+ 39.Kh2 Qd2 40.Qe4 d5 41.Qd3 Qxd3 42.Bxd3 e4 43.Bb1 h5
44.Ne3 Rxf2 45.Nc2 Be5+ 46.Kg1 Rd2 47.Rxb6 Rd1+ 48.Kf2 Rxb1 49.Re6 Bg7 50.Ke3 Rb2
51.Nd4 Bh6+  0-1

[Event "15th Croatian Open A"]
[Site "Zadar CRO"]
[Date "2008.12.20"]
[Round "9"]
[White "Stanojoski,Z"]
[Black "Jakic,I"]
[Result "1/2-1/2"]
[WhiteElo "2502"]
[BlackElo "2377"]

1.e4 d6 2.d4 Nf6 3.Nc3 e5 4.Nf3 exd4 5.Qxd4 Nc6 6.Bb5 Bd7 7.Bxc6 Bxc6 8.O-O Be7
9.Re1 O-O 10.Qd3 Nd7 11.Nd4 Bf6 12.f4 Bxd4+ 13.Qxd4 Qf6  1/2-1/2

[Event "8th Amplico AIG Life Rapid"]
[Site "Warsaw POL"]
[Date "2008.12.21"]
[Round "11"]
[White "Azarov,S"]
[Black "Cyborowski,L"]
[Result "1-0"]
[WhiteElo "2613"]
[BlackElo "2504"]

1.e4 d6 2.d4 Nf6 3.Nc3 e5 4.Nf3 Nbd7 5.Bc4 Be7 6.O-O O-O 7.Re1 c6 8.a4 b6
9.Ba2 a6 10.dxe5 dxe5 11.Nh4 Nc5 12.Qf3 Ne6 13.Nf5 Nd4 14.Nxd4 exd4 15.Ne2 Bg4
16.Qd3 c5 17.Nf4 Nh5 18.Nd5 Be6 19.Bc4 a5 20.b3 Nf6 21.Qf3 h6 22.Bd2 Re8
23.Nxe7+ Qxe7 24.e5 Nd7 25.Bd3 Nf8 26.Qg3 Kh8 27.f4 Qd7 28.Qf3 Bg4 29.Qf1 Bf5
30.Bb5 Qd5 31.Rac1 Re7 32.Bc4 Qd7 33.h3 Be6 34.Bd3 Bf5 35.Bb5 Qb7 36.Qf2 Rd8
37.g4 Be4 38.Qg3 d3 39.cxd3 Bc6 40.f5 Bxb5 41.axb5 Red7 42.Re3 Rd5 43.Bc3 Qd7
44.Rce1 Rxd3 45.Qf4 Rxe3 46.Qxe3 Qd3 47.e6 fxe6 48.Qxh6+  1-0

[Event "Open A"]
[Site "Groningen NED"]
[Date "2008.12.23"]
[Round "3"]
[White "Afek,Y"]
[Black "Gagunashvili,M"]
[Result "0-1"]
[WhiteElo "2320"]
[BlackElo "2576"]

1.e4 d6 2.d4 Nf6 3.Nc3 e5 4.dxe5 dxe5 5.Qxd8+ Kxd8 6.f4 Bb4 7.Bd3 exf4 8.Bxf4 Be6
9.Ne2 Nbd7 10.O-O-O Bd6 11.Bb5 Bxf4+ 12.Nxf4 c6 13.Nxe6+ fxe6 14.Be2 Ke7
15.Kd2 Ne5 16.h3 g5 17.Ke3 h5 18.g3 h4 19.Rhg1 Rag8 20.gxh4 Rxh4 21.Rg3 Nf7
22.Rd4 Rgh8 23.Bf1 Nh5 24.Rg1 Nf4 25.Ra4 Nxh3 26.Rg3 a6 27.Ra3 Nf4 28.Rb3 b5
29.a4 Rh1 30.Bd3 R8h3 31.Rxh3 Rxh3+ 32.Kd4 g4 33.axb5 axb5 34.Ra3 g3 35.Ra7+ Kf8
36.Bf1 Rh8 37.Ra1  0-1

[Event "Open"]
[Site "Pamplona ESP"]
[Date "2008.12.23"]
[Round "3"]
[White "Vinal Gutierrez,P"]
[Black "Vega Gutierrez,S"]
[Result "0-1"]
[WhiteElo "2097"]
[BlackElo "2278"]

1.d4 d6 2.e4 Nf6 3.Nc3 e5 4.dxe5 dxe5 5.Qxd8+ Kxd8 6.Bc4 Ke8 7.Nf3 Bd6 8.Bg5 c6
9.O-O-O Bc7 10.Bxf6 gxf6 11.Nh4 Be6 12.Bd3 Rg8 13.g3 Nd7 14.Rd2 Nc5 15.Be2 b5
16.f3 Ba5 17.Rd6 Rc8 18.Nf5 Nb7 19.Rdd1 Bxc3 20.bxc3 Bxf5 21.exf5 Ke7 22.g4 Nc5
23.c4 b4 24.h3 Rc7 25.Bd3 Rd8 26.Rhe1 Rd4 27.Kd2 Rcd7 28.Ke2 Na4 29.Kf2 Nb2
30.Rb1 Nxd3+ 31.cxd3 a5 32.Re3 Rxd3 33.Rbe1 Rxe3 34.Rxe3 Rd2+ 35.Kg3 Rxa2
36.f4 Ra3  0-1

[Event "Open A"]
[Site "Groningen NED"]
[Date "2008.12.26"]
[Round "5"]
[White "Reinderman,D"]
[Black "Gagunashvili,M"]
[Result "1/2-1/2"]
[WhiteElo "2543"]
[BlackElo "2576"]

1.e4 d6 2.d4 Nf6 3.Nc3 e5 4.Nf3 Nbd7 5.Bc4 Be7 6.O-O O-O 7.Re1 c6 8.a4 Qc7
9.a5 Rb8 10.Be3 b5 11.axb6 axb6 12.Bb3 b5 13.Nh4 Nb6 14.dxe5 dxe5 15.Nf5 Bxf5
16.exf5 Bb4  1/2-1/2

[Event "1st Asian Clubs"]
[Site "Al Ain UAE"]
[Date "2008.12.27"]
[Round "3"]
[White "So,W"]
[Black "Djuraev,S"]
[Result "1-0"]
[WhiteElo "2610"]
[BlackElo "2339"]

1.e4 d6 2.d4 Nf6 3.Nc3 e5 4.Nf3 Nbd7 5.Bc4 Be7 6.O-O O-O 7.Re1 c6 8.a4 a5
9.Ba2 h6 10.h3 Re8 11.Be3 Bf8 12.Nh4 exd4 13.Bxd4 c5 14.Bxf6 Nxf6 15.Ng6 Be6
16.Bxe6 Rxe6 17.Nf4 Re8 18.Qd3 Nd7 19.Rad1 Ne5 20.Qe2 Nc6 21.Nb5 Qf6 22.Nd5 Qxb2
23.Ndc7 Qb4 24.Nxa8 Rxa8 25.c3 Qxa4 26.Ra1 Qb3 27.Reb1  1-0

[Event "17th Donau Open"]
[Site "Aschach AUT"]
[Date "2008.12.27"]
[Round "2"]
[White "Konrad,E"]
[Black "Horvath,Jo1"]
[Result "0-1"]
[WhiteElo "2226"]
[BlackElo "2542"]

1.e4 d6 2.d4 Nf6 3.Nc3 e5 4.Nf3 Nbd7 5.Bc4 Be7 6.O-O O-O 7.Bb3 c6 8.a4 a5
9.Re1 exd4 10.Nxd4 Nc5 11.f3 Nfd7 12.Be3 Nb6 13.Qe2 Bf6 14.Red1 Qe7 15.Bf2 Be5
16.Bc4 Bd7 17.Qf1 Kh8 18.Be2 Rae8 19.Qe1 f5 20.exf5 Bxf5 21.Qd2 Bg6 22.g3 d5
23.Re1 Qc7 24.Nxc6 Qxc6 25.Bb5 Qc8 26.Bxe8 Rxe8 27.Nxd5 Nc4 28.Qe2 Nd6 29.Qd2 Nd7
30.Qxa5 Qxc2 31.Qb4 Qxb2 32.Qxb2 Bxb2 33.Rxe8+ Nxe8 34.Rd1 Ne5 35.Kg2 Nc6
36.Nf4 Bf5 37.g4 Bc8 38.Nd3 Bf6 39.Nc5 Kg8 40.Rb1 Nd6 41.Bg3 Be5 42.Bxe5 Nxe5
43.Rb4 Nc6 44.Rb1 Kf7 45.Kg3 Na5 46.Rc1 b6 47.Nd3 Nac4 48.Rb1 Bd7 49.Ne5+ Nxe5
50.Rxb6 Nec4 51.Rb4 Ke6 52.h4 Kd5 53.Kf4 Ne5 54.Rb8 Bxa4 55.h5 Ke6 56.Rh8 h6
57.g5 hxg5+  0-1

[Event "17th Donau Open"]
[Site "Aschach AUT"]
[Date "2008.12.27"]
[Round "3"]
[White "Poetz,F"]
[Black "Niedermair,Hann"]
[Result "1-0"]
[WhiteElo "2255"]
[BlackElo "1992"]

1.e4 d6 2.d4 Nf6 3.Nc3 c6 4.f4 Qa5 5.Bd3 e5 6.Nf3 Nbd7 7.Qe2 Be7 8.Bd2 Qc7
9.O-O-O O-O 10.g4 exd4 11.Nxd4 Nc5 12.g5 Bg4 13.Qe3 Bxd1 14.gxf6 Nxd3+ 15.cxd3 Bxf6
16.Rxd1 b5 17.Kb1 a5 18.Rc1 Qb6 19.Nf5 Qb8 20.Ne2 g6 21.Nh6+ Kg7 22.Ng4 c5
23.f5  1-0

[Event "Open A"]
[Site "Groningen NED"]
[Date "2008.12.27"]
[Round "6"]
[White "Spoelman,W"]
[Black "Reinderman,D"]
[Result "1/2-1/2"]
[WhiteElo "2459"]
[BlackElo "2543"]

1.e4 d6 2.d4 Nf6 3.Nc3 e5 4.Nf3 Nbd7 5.Bc4 Be7 6.O-O O-O 7.Re1 c6 8.a4 a5
9.Ba2 h6 10.h3 Nh7 11.Be3 Ng5 12.Qe2 Nxf3+ 13.Qxf3 Bg5 14.Rad1 Bxe3 15.Qxe3 Qb6
16.f4 Qxb2 17.Bb3 Qa3 18.Ne2 Kh7 19.Ng3 g6 20.Kh1 exd4 21.Qxd4 Qc5 22.Qxd6 Qxd6
23.Rxd6 Kg7 24.Red1 Nc5 25.f5 Re8 26.Rf1 Nxb3 27.cxb3 Ra6 28.fxg6 fxg6 29.Rff6 Rb6
30.Rxg6+ Kf7 31.Nh5 Ke7 32.e5 Rf8 33.Rg7+ Rf7 34.Rxf7+ Kxf7 35.Nf4 Rxb3 36.Rxh6 Re3
37.Rh7+ Kg8 38.Re7 Bf5 39.Rxb7 Rxe5 40.g4 Bc2 41.Kg2 Bxa4 42.h4 Re4 43.Kf3 Rb4
44.Rxb4 axb4 45.Nd3 Bd1+ 46.Ke4  1/2-1/2